LIBRARY & INFORMATION CENTRE, KCAET, TAVANUR

ONLINE PUBLIC ACCESS CATALOGUE (OPAC)

General metereology / (Record no. 7077)

MARC details
000 -LEADER
fixed length control field 00445cam a2200169ua 4500
020 ## - INTERNATIONAL STANDARD BOOK NUMBER
ISBN 0-07-009500-0
041 ## - LANGUAGE CODE
Language code of text/sound track or separate title eng
082 ## - DEWEY DECIMAL CLASSIFICATION NUMBER
Classification number 551.5
Item number BYE/GE
100 ## - MAIN ENTRY--AUTHOR NAME
Personal name Byers, Herace Robert .
245 ## - TITLE STATEMENT
Title General metereology /
260 ## - PUBLICATION, DISTRIBUTION, ETC. (IMPRINT)
Place of publication :
Name of publisher Library of Congress Publications ,
Year of publication 1974.
300 ## - PHYSICAL DESCRIPTION
Number of Pages 461 ; .
942 ## - ADDED ENTRY ELEMENTS (KOHA)
Koha item type Books
Holdings
Withdrawn status Lost status Damaged status Home library Current library Date acquired Full call number Accession Number Koha item type
      KAUAET KAUAET 07/04/2012 551.5 BYE/GE 15684 Books
free website counter